[Event "Scandinavian Open 2009"]
[Site "Valby"]
[Date "2009.04.18"]
[Round "1"]
[White "Bejtovic, Jasmin"]
[Black "Lund, Silas"]
[Result "0-1"]
[WhiteElo "2306"]
[BlackElo "2430"]
[PlyCount "164"]
[EventDate "2009.04.18"]


1. e4 e5 2. Nf3 Nc6 3. d4 exd4 4. Nxd4 Nf6 5. Nxc6 bxc6 6. e5 Qe7 7. Qe2 Nd5 8.
c4 Ba6 9. g3 g6 10. b3 Bg7 11. Bb2 O-O 12. Bg2 Rae8 13. O-O Bxe5 14. Qxe5 Qxe5
15. Bxe5 Rxe5 16. cxd5 Bxf1 17. Kxf1 cxd5 18. Nc3 c6 19. Rd1 Rb8 20. Na4 Re7
21. Nc5 Rb4 22. Bf3 f5 23. a3 Rb5 24. b4 Kf7 25. Nb3 Rb8 26. Rc1 Ke6 27. Rc5
Kd6 28. Ra5 Ra8 29. Ra6 g5 30. h3 f4 31. g4 Kc7 32. b5 Rae8 33. a4 Re1+ 34. Kg2
Rb1 35. Na5 cxb5 36. Bxd5 bxa4 37. Nc4 Kb8 38. Rxa4 Re2 39. Kf3 Ree1 40. Nd6
Rb6 41. Nf7 h6 42. Be4 Rd1 43. Ra5 Rd2 44. Ne5 Rb3+ 45. Kg2 Rg3+ 46. Kf1 Rxh3
47. Rb5+ Kc8 48. Nf3 Rh1+ 49. Kg2 Rdd1 50. Ra5 Ra1 51. Rc5+ Kd8 52. Bf5 Rhd1
53. Rb5 Ra2 54. Rb7 Kc8 55. Rb3 Rd6 56. Ne5 Rdd2 57. Nd3 Ra5 58. Rc3+ Kd8 59.
Nc5 Rb5 60. Rc4 a5 61. Ne4 Rdd5 62. Nf6 Rd6 63. Ne4 Ra6 64. Rd4 Ra7 65. Nf6
Rbb7 66. Re4 a4 67. Re8+ Kc7 68. Bxd7 a3 69. Be6 a2 70. Bxa2 Rxa2 71. Re6 Rbb2
72. Ne4 Rb6 73. Re7+ Kd8 74. Rh7 Re6 75. Nc5 Ree2 76. Kf3 Rxf2+ 77. Ke4 Rfe2+
78. Kd5 Rad2+ 79. Kc6 f3 80. Rf7 f2 81. Nb7+ Ke8 82. Rf5 Re1 0-1

[Event "Scandinavian Open 2009"]
[Site "Valby"]
[Date "2009.04.18"]
[Round "1"]
[White "Brynell, Stellan"]
[Black "Jacobsen, Bo"]
[Result "1-0"]
[WhiteElo "2463"]
[BlackElo "2325"]
[PlyCount "61"]
[EventDate "2009.04.18"]


1. Nf3 Nf6 2. d4 g6 3. c4 Bg7 4. g3 O-O 5. Bg2 d6 6. O-O Nc6 7. Nc3 Bf5 8. b3
Ne4 9. Bb2 Qd7 10. Rc1 Rad8 11. Nxe4 Bxe4 12. Qd2 d5 13. Rfd1 Rfe8 14. Qf4 f6
15. cxd5 Qxd5 16. Rd2 g5 17. Qe3 b6 18. Rcd1 h6 19. Ne1 Bxg2 20. Nxg2 f5 21.
Bc3 e6 22. Qd3 Rd6 23. f3 Red8 24. Qc2 f4 25. gxf4 gxf4 26. Kh1 Qf5 27. Qxf5
exf5 28. Nxf4 Bxd4 29. Bxd4 Nxd4 30. b4 Nc2 31. Rg1+ 1-0

[Event "Scandinavian Open 2009"]
[Site "Valby"]
[Date "2009.04.18"]
[Round "1"]
[White "Christensen, Stefan"]
[Black "Haub, Thorsten Michael"]
[Result "0-1"]
[WhiteElo "2313"]
[BlackElo "2448"]
[PlyCount "106"]
[EventDate "2009.04.18"]


1. e4 e6 2. d4 d5 3. Nc3 Bb4 4. e5 Qd7 5. a3 Bf8 6. Nf3 b6 7. b4 Ne7 8. Bd3 Nf5
9. O-O Nc6 10. Bxf5 exf5 11. e6 fxe6 12. b5 Nd8 13. Ne5 Qe7 14. Re1 Bb7 15.
Qh5+ g6 16. Nxg6 Qf7 17. Nf4 Qxh5 18. Nxh5 Kf7 19. Bf4 Rg8 20. Re3 Rc8 21. a4
c5 22. bxc6 Nxc6 23. Rd1 Na5 24. Ng3 Rg4 25. Nge2 Ba6 26. Rh3 Kg8 27. Be5 Nc4
28. f3 Rg6 29. Nb5 Bxb5 30. axb5 Ne3 31. Rd2 Rxg2+ 32. Kh1 Bb4 33. c3 Rxc3 34.
Bf4 Ra3 35. Bxe3 Bxd2 36. Kxg2 Rxe3 37. Nf4 Bc3 38. Rg3+ Kh8 39. Nh5 Bxd4 40.
h4 h6 41. Nf4 Kh7 42. Ng6 Bc5 43. h5 Rb3 44. Rh3 Bd6 45. Rh1 Rb2+ 46. Kh3 Rf2
47. f4 Bxf4 48. Nf8+ Kg8 49. Nxe6 Bd6 50. Nd4 Kf7 51. Nc6 Kf6 52. Nxa7 d4 53.
Nc8 Bc7 0-1

[Event "Scandinavian Open 2009"]
[Site "Valby"]
[Date "2009.04.18"]
[Round "1"]
[White "Danielsen, Henrik"]
[Black "Semcesen, Daniel"]
[Result "0-1"]
[WhiteElo "2482"]
[BlackElo "2387"]
[PlyCount "104"]
[EventDate "2009.04.18"]


1. b3 b6 2. Bb2 Bb7 3. f4 e6 4. e3 f5 5. Nf3 Nf6 6. g3 g6 7. Bg2 Bg7 8. O-O O-O
9. Re1 a5 10. d3 Na6 11. Nbd2 Nc5 12. Qe2 Qe7 13. c4 d6 14. Rad1 Rfe8 15. Ba1
Rac8 16. a3 Ncd7 17. e4 fxe4 18. dxe4 e5 19. f5 Bh6 20. Bb2 Ng4 21. Nf1 d5 22.
cxd5 gxf5 23. d6 cxd6 24. Nh4 Ndf6 25. Nxf5 Qc7 26. Bf3 Qc5+ 27. Kg2 Qc2 28.
Nxd6 Ba6 29. Qxc2 Rxc2+ 30. Kg1 Nf2 31. Nxe8 Nh3+ 32. Kh1 Nf2+ 33. Kg2 Nxd1+
34. Kg1 Nxe8 35. Rxd1 Rxb2 36. Rd8 Rb1 37. Rxe8+ Kg7 38. Kg2 Bxf1+ 39. Kf2 Bd3
40. Rd8 Rxb3 41. h4 Bb5 42. Bg4 Rb2+ 43. Kg1 Be3+ 44. Kh1 Bc6 45. Bf5 Rf2 46.
g4 Rxf5 47. gxf5 Bxe4+ 48. Kh2 Bxf5 49. Kg3 Bc5 50. Rb8 Kf6 51. a4 Bc2 52. Kg4
Bd1+ 0-1

[Event "Scandinavian Open 2009"]
[Site "Valby"]
[Date "2009.04.18"]
[Round "1"]
[White "Drozdovskij, Yuri"]
[Black "Bekker Jensen, Simon"]
[Result "1-0"]
[WhiteElo "2603"]
[BlackElo "2411"]
[PlyCount "127"]
[EventDate "2009.04.18"]


1. d4 Nf6 2. c4 g6 3. g3 Bg7 4. Bg2 O-O 5. Nf3 c6 6. O-O d5 7. b3 a5 8. Nc3 Bf5
9. Bb2 Ne4 10. e3 Nxc3 11. Bxc3 Be4 12. Qe2 c5 13. Rfd1 Nc6 14. Rac1 cxd4 15.
Nxd4 Bxg2 16. Kxg2 Qd7 17. Nb5 e6 18. Bxg7 Kxg7 19. Qb2+ Kg8 20. Nc3 f6 21.
cxd5 exd5 22. Nxd5 Qf7 23. Rd2 Rad8 24. Rcd1 Kg7 25. Qc3 Qe6 26. Nf4 Qe4+ 27.
f3 Rxd2+ 28. Rxd2 Qe7 29. Rd5 Re8 30. e4 Kf7 31. Qd2 Rd8 32. Rxd8 Qxd8 33. Qxd8
Nxd8 34. Kf2 Nc6 35. Nd5 Ke6 36. Ke3 f5 37. f4 h5 38. a3 Kd6 39. Kd3 b5 40. Ne3
fxe4+ 41. Kxe4 Kc5 42. f5 gxf5+ 43. Nxf5 a4 44. bxa4 bxa4 45. Ne3 Nd4 46. Nd1
Nb5 47. Nb2 Nxa3 48. Nxa4+ Kd6 49. Kf4 Nc4 50. Nc3 Ke6 51. Kg5 Ne3 52. Ne2 Ng4
53. h4 Nf6 54. Nf4+ Kf7 55. Nxh5 Ne4+ 56. Kf4 Nc5 57. Kf5 Ne6 58. Nf4 Nd4+ 59.
Ke4 Nc6 60. g4 Kg7 61. g5 Ne7 62. h5 Nc6 63. Kf5 Nd4+ 64. Kg4 1-0

[Event "Scandinavian Open 2009"]
[Site "Valby"]
[Date "2009.04.18"]
[Round "1"]
[White "Hoi, Carsten"]
[Black "Grandelius, Nils"]
[Result "1/2-1/2"]
[WhiteElo "2387"]
[BlackElo "2491"]
[PlyCount "72"]
[EventDate "2009.04.18"]


1. c4 Nf6 2. d4 e6 3. Nc3 Bb4 4. e3 c5 5. Bd3 O-O 6. Nge2 d5 7. cxd5 Nxd5 8.
O-O cxd4 9. exd4 Nc6 10. Bc2 Be7 11. Qd3 g6 12. a3 Nxc3 13. bxc3 e5 14. Bh6 Re8
15. Ba4 exd4 16. cxd4 Bf6 17. Rad1 Bg4 18. f3 Bf5 19. Qd2 Qb6 20. Bxc6 bxc6 21.
g4 Be6 22. Qf4 Bh8 23. Ng3 Qb8 24. Qc1 Bd5 25. Ne4 Bxe4 26. fxe4 Rxe4 27. Qxc6
Bxd4+ 28. Rxd4 Rxd4 29. Qf6 Rxg4+ 30. Kh1 Qb7+ 31. Rf3 Qb1+ 32. Rf1 Qe4+ 33.
Rf3 Qe1+ 34. Rf1 Qe4+ 35. Rf3 Qb1+ 36. Rf1 Qb7+ 1/2-1/2

[Event "Scandinavian Open 2009"]
[Site "Valby"]
[Date "2009.04.18"]
[Round "1"]
[White "Pedersen, Daniel Vesterbaek"]
[Black "Thorfinnsson, Bjorn"]
[Result "1-0"]
[WhiteElo "2251"]
[BlackElo "2422"]
[PlyCount "89"]
[EventDate "2009.04.18"]


1. e4 c5 2. c3 d5 3. exd5 Qxd5 4. d4 e5 5. dxe5 Qxe5+ 6. Be3 Bd6 7. Na3 Qe7 8.
Nb5 Bf4 9. Be2 Bd7 10. Bxf4 Bxb5 11. Bd6 Qe4 12. Bxc5 Nd7 13. Bd4 Ne7 14. f3
Qe6 15. Qb3 Qxb3 16. axb3 Bxe2 17. Nxe2 Nc6 18. b4 O-O-O 19. b5 Nxd4 20. Nxd4
Rhe8+ 21. Kd2 Kb8 22. Rhe1 Ne5 23. b3 Re7 24. Re4 f6 25. Rae1 Red7 26. f4 Nf7
27. Re7 Nd6 28. Kc2 g6 29. c4 a6 30. Rxd7 Rxd7 31. bxa6 f5 32. axb7 Nxc4 33.
bxc4 Rxd4 34. Kc3 Rd7 35. Rb1 Re7 36. c5 Re3+ 37. Kd2 Re4 38. Kd3 Re6 39. g3
Ra6 40. Rb2 h5 41. h4 Ra3+ 42. Kd4 Ra4+ 43. Kd5 Ra3 44. c6 Rd3+ 45. Kc4 1-0

[Event "Scandinavian Open 2009"]
[Site "Valby"]
[Date "2009.04.18"]
[Round "1"]
[White "Smith, Axel"]
[Black "Grabarczyk, Miroslaw"]
[Result "1/2-1/2"]
[WhiteElo "2383"]
[BlackElo "2469"]
[PlyCount "39"]
[EventDate "2009.04.18"]


1. e4 e5 2. Nf3 Nf6 3. Nxe5 d6 4. Nf3 Nxe4 5. d4 d5 6. Bd3 Nd6 7. O-O Be7 8.
Nc3 c6 9. Re1 O-O 10. Ne2 Bf5 11. Ng3 Bxd3 12. Qxd3 Nd7 13. Bf4 Re8 14. c3 Nf8
15. Nf5 Nxf5 16. Qxf5 Qd7 17. Qxd7 Nxd7 18. Re2 Bf8 19. Rae1 Rxe2 20. Rxe2
1/2-1/2

[Event "Scandinavian Open 2009"]
[Site "Valby"]
[Date "2009.04.18"]
[Round "1"]
[White "Sachdev, Tania"]
[Black "Sisatto, Olli"]
[Result "1-0"]
[WhiteElo "2423"]
[BlackElo "2286"]
[PlyCount "65"]
[EventDate "2009.04.18"]


1. d4 d5 2. Nf3 c5 3. c4 dxc4 4. Nc3 cxd4 5. Qxd4 Qxd4 6. Nxd4 Bd7 7. Ndb5 Na6
8. e4 e6 9. Bxc4 Rc8 10. Be2 Nb4 11. Nxa7 Nc2+ 12. Kd2 Nxa1 13. Nxc8 Bxc8 14.
Bb5+ Bd7 15. Bxd7+ Kxd7 16. Kd3 Nf6 17. Be3 Nb3 18. axb3 Ng4 19. Bd4 e5 20. Bb6
Kc6 21. Na4 Kb5 22. Rc1 Bb4 23. f3 Nf6 24. Ke2 Ra8 25. Be3 Ne8 26. Rc2 Bd6 27.
Rc4 Bb4 28. Nc3+ Bxc3 29. bxc3 Ra2+ 30. Kd3 Rxg2 31. Rc5+ Ka6 32. b4 Ra2 33.
Rc8 1-0

[Event "Scandinavian Open 2009"]
[Site "Valby"]
[Date "2009.04.18"]
[Round "1"]
[White "Zdebskaja, Natalia"]
[Black "Tikkanen, Hans"]
[Result "1/2-1/2"]
[WhiteElo "2438"]
[BlackElo "2425"]
[PlyCount "87"]
[EventDate "2009.04.18"]


1. e4 e5 2. Nf3 Nc6 3. Bb5 a6 4. Ba4 Nf6 5. O-O Be7 6. Re1 b5 7. Bb3 d6 8. c3
O-O 9. h3 Qd7 10. d4 Re8 11. Nbd2 Bf8 12. d5 Ne7 13. Nf1 h6 14. Ng3 c6 15. dxc6
Nxc6 16. Bc2 Bb7 17. Nh2 Rad8 18. Be3 d5 19. Bb6 Rb8 20. exd5 Qxd5 21. Ng4 Ne7
22. Nxf6+ gxf6 23. Qg4+ Bg7 24. Be4 Qe6 25. Bc7 Rbc8 26. Bxb7 Rxc7 27. Be4 Qxg4
28. hxg4 Nc8 29. Rad1 Bf8 30. Nh5 Be7 31. Re3 Rd8 32. Rxd8+ Bxd8 33. Rd3 Be7
34. Bf5 Nb6 35. Nxf6+ Bxf6 36. Rd6 Nd7 37. Bxd7 Be7 38. Rd5 b4 39. cxb4 Rc1+
40. Kh2 Bxb4 41. a3 Bc5 42. Rd2 a5 43. Bf5 Bd4 44. b4 1/2-1/2

[Event "Scandinavian Open 2009"]
[Site "Valby"]
[Date "2009.04.19"]
[Round "2"]
[White "Grabarczyk, Miroslaw"]
[Black "Zdebskaja, Natalia"]
[Result "1-0"]
[WhiteElo "2469"]
[BlackElo "2438"]
[PlyCount "137"]
[EventDate "2009.04.18"]


1. d4 Nf6 2. c4 e6 3. g3 d5 4. Bg2 dxc4 5. Qa4+ c6 6. Qxc4 b5 7. Qd3 Bb7 8. Nf3
Nbd7 9. O-O a6 10. Be3 c5 11. dxc5 Bxc5 12. Bxc5 Nxc5 13. Qe3 Rc8 14. Rc1 Nce4
15. Nbd2 Nxd2 16. Qxd2 O-O 17. Qxd8 Rfxd8 18. Ne5 Rxc1+ 19. Rxc1 Rc8 20. Rxc8+
Bxc8 21. f4 Kf8 22. Kf2 Ke7 23. Ke3 Ne8 24. Kd4 f6 25. Nd3 Nd6 26. e4 Kd7 27.
Bh3 Kc7 28. e5 Nf7 29. Nc5 Nd8 30. Bg2 Kb6 31. b4 Kc7 32. a3 Kb6 33. h4 Nf7 34.
Bf3 Nd8 35. g4 Nf7 36. Be4 fxe5+ 37. fxe5 g5 38. hxg5 Nxg5 39. Ke3 a5 40. Kf4
h6 41. Ke3 axb4 42. axb4 Nf7 43. Kf4 Nd8 44. Kg3 Nf7 45. Kf4 Nd8 46. Bf3 Nf7
47. Bg2 Nd8 48. Kg3 Nf7 49. Nd3 Bd7 50. Be4 Ng5 51. Bg6 Kc6 52. Kh4 Kd5 53. Kh5
Nf3 54. Kxh6 Nxe5 55. Nxe5 Kxe5 56. g5 Bc6 57. Bd3 Be8 58. Be2 Kd4 59. Bh5 Bc6
60. g6 e5 61. g7 Bd5 62. Kg5 e4 63. Kf4 e3 64. Be2 Kc3 65. Bxb5 Kxb4 66. Bd3
Kc5 67. Kxe3 Kd6 68. Kf4 Ke7 69. Kg5 1-0

[Event "Scandinavian Open 2009"]
[Site "Valby"]
[Date "2009.04.19"]
[Round "2"]
[White "Haub, Thorsten Michael"]
[Black "Sachdev, Tania"]
[Result "1-0"]
[WhiteElo "2448"]
[BlackElo "2423"]
[PlyCount "133"]
[EventDate "2009.04.18"]


1. g3 Nf6 2. Bg2 d5 3. d3 e5 4. e3 c6 5. a3 a5 6. b3 Bd6 7. Nd2 O-O 8. Ne2 Be6
9. h3 Na6 10. O-O b5 11. f4 Qd7 12. Kh2 exf4 13. Nxf4 Be5 14. Rb1 Ne8 15. e4
Nec7 16. Nf3 f6 17. Nxe6 Qxe6 18. Qe1 Bd6 19. Nd4 Qd7 20. exd5 cxd5 21. Nf5
Rfe8 22. Qd1 Bf8 23. Qg4 Kh8 24. Bb2 Nc5 25. h4 Ra6 26. h5 Qf7 27. Nh4 Qe6 28.
Nf5 Qf7 29. Rf2 Nd7 30. Nh4 Qe6 31. Qxe6 Raxe6 32. Bh3 Re2 33. Kg2 Rxf2+ 34.
Kxf2 Ne5 35. Re1 Rd8 36. h6 Ne8 37. hxg7+ Nxg7 38. Nf3 Bc5+ 39. Kg2 Nxf3 40.
Kxf3 d4 41. Re4 b4 42. a4 Rd5 43. Rf4 Rd6 44. Re4 Kg8 45. Bc1 Rc6 46. Bd7 Rc7
47. Bb5 Nf5 48. Bf4 Ra7 49. Re8+ Kf7 50. Rd8 Ne3 51. Rc8 Bb6 52. Rc6 Bd8 53.
Rd6 Be7 54. Rc6 Bd8 55. Ke4 Rd7 56. Rc5 Re7+ 57. Kf3 Kg6 58. g4 Kg7 59. Rc8 Bb6
60. Bc4 h6 61. Rg8+ Kh7 62. Rb8 Ba7 63. Rb5 Nxc2 64. Rxa5 Na3 65. Bd5 Kg7 66.
Be4 Nc2 67. Rh5 1-0

[Event "Scandinavian Open 2009"]
[Site "Valby"]
[Date "2009.04.19"]
[Round "2"]
[White "Jacobsen, Bo"]
[Black "Bejtovic, Jasmin"]
[Result "1/2-1/2"]
[WhiteElo "2325"]
[BlackElo "2306"]
[PlyCount "61"]
[EventDate "2009.04.18"]


1. g3 g6 2. Bg2 Bg7 3. c4 c5 4. Nc3 Nc6 5. a3 Nf6 6. Rb1 a5 7. e4 O-O 8. Nge2
d6 9. O-O Ne8 10. d3 Nc7 11. Be3 Bg4 12. f3 Bd7 13. Qd2 Ne6 14. Nb5 a4 15. Bh6
Na5 16. Bxg7 Kxg7 17. Nbc3 Nb3 18. Qd1 Ned4 19. Nxd4 cxd4 20. Na2 e5 21. f4 f6
22. Rf2 Nc5 23. Nb4 Be6 24. Qf1 Bg8 25. h4 h6 26. Bh3 Qc7 27. h5 g5 28. Qe2
Rab8 29. Rbf1 Qe7 30. Bf5 Ra8 31. Qg4 1/2-1/2

[Event "Scandinavian Open 2009"]
[Site "Valby"]
[Date "2009.04.19"]
[Round "2"]
[White "Lund, Silas"]
[Black "Drozdovskij, Yuri"]
[Result "1/2-1/2"]
[WhiteElo "2430"]
[BlackElo "2603"]
[PlyCount "49"]
[EventDate "2009.04.18"]


1. d4 Nf6 2. c4 e6 3. Nc3 Bb4 4. e3 c5 5. Bd3 d5 6. Nf3 O-O 7. O-O Nc6 8. a3
Bxc3 9. bxc3 Qc7 10. cxd5 exd5 11. a4 Re8 12. Ba3 c4 13. Bc2 Bg4 14. Qe1 Bh5
15. Nh4 Ng4 16. g3 Bg6 17. Nxg6 hxg6 18. Qe2 Qd7 19. Rfe1 f5 20. Rab1 b6 21.
Rb5 Na5 22. Bb4 Nc6 23. Ba3 Na5 24. Bb4 Nc6 25. Ba3 1/2-1/2

[Event "Scandinavian Open 2009"]
[Site "Valby"]
[Date "2009.04.19"]
[Round "2"]
[White "Semcesen, Daniel"]
[Black "Brynell, Stellan"]
[Result "1/2-1/2"]
[WhiteElo "2387"]
[BlackElo "2463"]
[PlyCount "56"]
[EventDate "2009.04.18"]


1. c4 Nf6 2. Nc3 c5 3. g3 e6 4. Nf3 d5 5. cxd5 exd5 6. d4 Nc6 7. Bg2 Be7 8. O-O
O-O 9. Bg5 cxd4 10. Nxd4 h6 11. Be3 Re8 12. Rc1 Bf8 13. Nxc6 bxc6 14. Na4 Bd7
15. Bc5 Bxc5 16. Nxc5 Bg4 17. Re1 Qa5 18. Qc2 Qxa2 19. f3 Bc8 20. Ra1 Qc4 21.
Qxc4 dxc4 22. Rac1 Rb8 23. Rxc4 Rxb2 24. Bf1 Nd5 25. e4 Nb6 26. Rc3 Rd8 27. Nd3
Rd2 28. Nb4 Rd1 1/2-1/2

[Event "Scandinavian Open 2009"]
[Site "Valby"]
[Date "2009.04.19"]
[Round "2"]
[White "Sisatto, Olli"]
[Black "Danielsen, Henrik"]
[Result "0-1"]
[WhiteElo "2286"]
[BlackElo "2482"]
[PlyCount "126"]
[EventDate "2009.04.18"]


1. e4 d5 2. exd5 Qxd5 3. Nc3 Qa5 4. d4 Nf6 5. Nf3 c6 6. Ne5 Be6 7. Nc4 Qd8 8.
Bg5 Nbd7 9. Qd2 h6 10. Bh4 g6 11. Be2 Bg7 12. O-O O-O 13. Rad1 Bxc4 14. Bxc4 e6
15. f3 a5 16. a4 Nb6 17. Bb3 Nbd5 18. Rfe1 Nxc3 19. bxc3 b5 20. Kh1 Kh7 21. c4
Qd7 22. Qe2 bxc4 23. Qxc4 Nd5 24. Qd3 Rfb8 25. c4 Nb4 26. Qe4 Na6 27. Bc2 Rb4
28. Qe2 Rc8 29. Bf2 Kg8 30. h4 Rb2 31. Rb1 Rxb1 32. Bxb1 h5 33. d5 Nc7 34. dxe6
Nxe6 35. Rd1 Qc7 36. g3 Qe7 37. Re1 Qf6 38. f4 Rb8 39. Be4 Rb2 40. Qf3 Nd4 41.
Bxd4 Qxd4 42. Rd1 Qxc4 43. f5 Rb3 44. Bd3 gxf5 45. Qxf5 Qd5+ 46. Qxd5 cxd5 47.
Be2 d4 48. Rd3 Rb1+ 49. Kg2 Ra1 50. Bd1 Be5 51. Kf3 f5 52. Kg2 Kg7 53. Bxh5
Rxa4 54. Rf3 Ra2+ 55. Rf2 Rxf2+ 56. Kxf2 a4 57. Bd1 a3 58. Bb3 Kf6 59. Kf3 Bc7
60. g4 fxg4+ 61. Kxg4 d3 62. Kf3 Bb6 63. Bc4 Kg7 0-1

[Event "Scandinavian Open 2009"]
[Site "Valby"]
[Date "2009.04.19"]
[Round "2"]
[White "Thorfinnsson, Bjorn"]
[Black "Smith, Axel"]
[Result "1/2-1/2"]
[WhiteElo "2422"]
[BlackElo "2383"]
[PlyCount "48"]
[EventDate "2009.04.18"]


1. d4 Nf6 2. c4 g6 3. Nc3 d5 4. Bg5 Ne4 5. Bh4 Nxc3 6. bxc3 dxc4 7. e3 Be6 8.
Nf3 Bg7 9. Rb1 b6 10. Ng5 Bd5 11. e4 h6 12. exd5 hxg5 13. Qa4+ Kf8 14. Bxg5
Qxd5 15. Be3 c5 16. Qxc4 Qxc4 17. Bxc4 Nd7 18. O-O e6 19. Bb5 Ke7 20. Bxd7 cxd4
21. Bxe6 dxe3 22. Bd5 Rad8 23. c4 exf2+ 24. Kxf2 Bd4+ 1/2-1/2

[Event "Scandinavian Open 2009"]
[Site "Valby"]
[Date "2009.04.19"]
[Round "2"]
[White "Tikkanen, Hans"]
[Black "Hoi, Carsten"]
[Result "1-0"]
[WhiteElo "2425"]
[BlackElo "2387"]
[PlyCount "91"]
[EventDate "2009.04.18"]


1. d4 Nf6 2. c4 d6 3. Nc3 e5 4. Nf3 Nc6 5. d5 Ne7 6. e4 Ng6 7. h4 Bg4 8. Qa4+
Bd7 9. Qb3 b6 10. g3 Be7 11. Be2 h6 12. Nh2 O-O 13. h5 Nh8 14. Be3 Qc8 15.
O-O-O a6 16. f4 Rb8 17. fxe5 dxe5 18. g4 Bc5 19. Bxc5 bxc5 20. Qa3 Qb7 21. Rhg1
Nh7 22. Nf3 f6 23. Ne1 Nf7 24. Nd3 Bc8 25. Nxc5 Qb6 26. Nb3 Nhg5 27. c5 Qb4 28.
Qxb4 Rxb4 29. Nd2 Nh3 30. Rg3 Nf4 31. Bc4 Ng5 32. a3 Rb8 33. Nb3 Kh7 34. Na5 g6
35. hxg6+ Kxg6 36. Nc6 Ra8 37. Ne7+ Kg7 38. Nf5+ Bxf5 39. exf5 Rfd8 40. b4 h5
41. gxh5 Kh6 42. Kb2 Nfh3 43. Rd2 Nf4 44. Kb3 e4 45. Rf2 Nxh5 46. Rh2 1-0

[Event "Scandinavian Open 2009"]
[Site "Valby"]
[Date "2009.04.19"]
[Round "3"]
[White "Brynell, Stellan"]
[Black "Tikkanen, Hans"]
[Result "1/2-1/2"]
[WhiteElo "2463"]
[BlackElo "2425"]
[PlyCount "44"]
[EventDate "2009.04.18"]


1. d4 d5 2. Nf3 e6 3. c4 c6 4. e3 Bd6 5. Bd3 f5 6. O-O Nf6 7. b3 Qe7 8. Bb2 O-O
9. Qc1 b6 10. Ne5 Nbd7 11. cxd5 cxd5 12. f4 a5 13. Nc3 Bb7 14. Nb5 Rfc8 15. Qd1
Ba6 16. Qe2 Bxb5 17. Bxb5 Rc7 18. Rac1 Rac8 19. Rxc7 Rxc7 20. Rc1 Qd8 21. Rc6
Rxc6 22. Nxc6 Qc7 1/2-1/2

[Event "Scandinavian Open 2009"]
[Site "Valby"]
[Date "2009.04.19"]
[Round "3"]
[White "Christensen, Stefan"]
[Black "Sisatto, Olli"]
[Result "1-0"]
[WhiteElo "2313"]
[BlackElo "2286"]
[PlyCount "61"]
[EventDate "2009.04.18"]


1. e4 e5 2. Nf3 Nc6 3. Bb5 a6 4. Ba4 d6 5. O-O Bg4 6. c3 Qf6 7. d3 Nge7 8. Nbd2
g5 9. Bxc6+ Nxc6 10. Qa4 Bd7 11. Qb3 O-O-O 12. Nc4 g4 13. Ng5 Rg8 14. f4 exf4
15. Nxf7 d5 16. Nxd8 dxc4 17. Qxb7+ Kxd8 18. Bxf4 Ke8 19. d4 Bh6 20. Bxc7 Qg6
21. Bg3 Be3+ 22. Kh1 h5 23. d5 Nd8 24. Qc7 Qg5 25. e5 Rg7 26. Qd6 Bf5 27. e6 h4
28. Bxh4 Qxh4 29. Rxf5 Qe7 30. Qxa6 Qc5 31. Qa4+ 1-0

[Event "Scandinavian Open 2009"]
[Site "Valby"]
[Date "2009.04.19"]
[Round "3"]
[White "Drozdovskij, Yuri"]
[Black "Haub, Thorsten Michael"]
[Result "1/2-1/2"]
[WhiteElo "2603"]
[BlackElo "2448"]
[PlyCount "27"]
[EventDate "2009.04.18"]


1. d4 e6 2. Nf3 f5 3. g3 Nf6 4. Bg2 Be7 5. O-O O-O 6. c4 Ne4 7. Nbd2 Bf6 8.
Nxe4 fxe4 9. Ne1 d5 10. Be3 Nc6 11. Rc1 Ne7 12. Qb3 Kh8 13. Nc2 c6 14. Rfd1
1/2-1/2

[Event "Scandinavian Open 2009"]
[Site "Valby"]
[Date "2009.04.19"]
[Round "3"]
[White "Hoi, Carsten"]
[Black "Thorfinnsson, Bjorn"]
[Result "1-0"]
[WhiteElo "2387"]
[BlackElo "2422"]
[PlyCount "37"]
[EventDate "2009.04.18"]


1. d4 d5 2. Nf3 e6 3. c4 dxc4 4. e3 Nf6 5. Bxc4 a6 6. O-O b5 7. Bb3 Bb7 8. Nc3
c5 9. Qe2 cxd4 10. Rd1 Be7 11. exd4 O-O 12. Bg5 Nbd7 13. d5 Nxd5 14. Bxd5 Bxd5
15. Rxd5 Bxg5 16. Rxg5 e5 17. Rd1 b4 18. Ne4 f5 19. Nc5 1-0

[Event "Scandinavian Open 2009"]
[Site "Valby"]
[Date "2009.04.19"]
[Round "3"]
[White "Lund, Silas"]
[Black "Grandelius, Nils"]
[Result "1/2-1/2"]
[WhiteElo "2430"]
[BlackElo "2491"]
[PlyCount "58"]
[EventDate "2009.04.18"]


1. d4 Nf6 2. c4 g6 3. Nc3 d5 4. Bf4 Bg7 5. e3 c5 6. dxc5 Qa5 7. Rc1 dxc4 8.
Qa4+ Qxa4 9. Nxa4 Bd7 10. Rxc4 Na6 11. c6 bxc6 12. Nf3 O-O 13. Rd4 Bc8 14. Bxa6
Bxa6 15. Nc5 Bc8 16. Be5 Bh6 17. Rh4 Bg7 18. O-O Rd8 19. Rc1 Rd5 20. Rd4 Nd7
21. Bxg7 Rxc5 22. Rxc5 Nxc5 23. Rc4 Ne6 24. Bc3 c5 25. Ra4 a6 26. Kf1 f6 27.
Nd2 Kf7 28. Ke1 h5 29. Nb3 Rb8 1/2-1/2

[Event "Scandinavian Open 2009"]
[Site "Valby"]
[Date "2009.04.19"]
[Round "3"]
[White "Semcesen, Daniel"]
[Black "Grabarczyk, Miroslaw"]
[Result "1/2-1/2"]
[WhiteElo "2387"]
[BlackElo "2469"]
[PlyCount "20"]
[EventDate "2009.04.18"]


1. d4 d5 2. c4 e6 3. Nf3 Nf6 4. Bg5 Be7 5. Nc3 O-O 6. e3 h6 7. Bxf6 Bxf6 8. Rc1
b6 9. cxd5 exd5 10. Bd3 Bb7 1/2-1/2

[Event "Scandinavian Open 2009"]
[Site "Valby"]
[Date "2009.04.19"]
[Round "3"]
[White "Sachdev, Tania"]
[Black "Jacobsen, Bo"]
[Result "1/2-1/2"]
[WhiteElo "2423"]
[BlackElo "2325"]
[PlyCount "58"]
[EventDate "2009.04.18"]


1. d4 Nf6 2. c4 c5 3. d5 e5 4. Nc3 d6 5. g3 Nbd7 6. Bg2 Be7 7. e4 h5 8. h3 h4
9. g4 Nf8 10. Be3 N6h7 11. Nf3 Bg5 12. Nxg5 Nxg5 13. Qd2 f6 14. Ne2 Ng6 15.
O-O-O Bd7 16. Kb1 a5 17. Rc1 O-O 18. f4 exf4 19. Nxf4 Nxf4 20. Bxf4 Nf7 21. Qf2
Qe7 22. Bd2 g5 23. Rhe1 b5 24. cxb5 Bxb5 25. Bf1 Bd7 26. Bd3 Ne5 27. Qf1 a4 28.
Bc3 Rab8 29. Ka1 Kg7 1/2-1/2

[Event "Scandinavian Open 2009"]
[Site "Valby"]
[Date "2009.04.20"]
[Round "4"]
[White "Bejtovic, Jasmin"]
[Black "Sisatto, Olli"]
[Result "1-0"]
[WhiteElo "2306"]
[BlackElo "2286"]
[PlyCount "59"]
[EventDate "2009.04.18"]


1. e4 e5 2. Nf3 Nc6 3. d4 exd4 4. Nxd4 Nf6 5. Nxc6 bxc6 6. e5 Qe7 7. Qe2 Nd5 8.
c4 Qb4+ 9. Nd2 Nf4 10. Qe4 Ne6 11. Be2 Bb7 12. O-O c5 13. Qe3 Nd4 14. Bd3 O-O-O
15. Nb3 Qb6 16. Be4 d6 17. Bxb7+ Kxb7 18. Qe4+ Kb8 19. Nxd4 cxd4 20. Rd1 dxe5
21. Rd3 Qe6 22. Rb3+ Kc8 23. Rb5 f6 24. Bd2 Kd7 25. f4 Qxc4 26. Rd5+ Bd6 27.
Rc1 Qa4 28. fxe5 fxe5 29. Qf5+ Ke8 30. Rxe5+ 1-0

[Event "Scandinavian Open 2009"]
[Site "Valby"]
[Date "2009.04.20"]
[Round "4"]
[White "Bekker Jensen, Simon"]
[Black "Hoi, Carsten"]
[Result "1/2-1/2"]
[WhiteElo "2411"]
[BlackElo "2387"]
[PlyCount "28"]
[EventDate "2009.04.18"]


1. d4 d5 2. c4 dxc4 3. Nf3 Nf6 4. e3 Bg4 5. Bxc4 e6 6. Nc3 a6 7. O-O Nc6 8. Be2
Bd6 9. Nd2 Bxe2 10. Qxe2 O-O 11. f4 Nd5 12. Qf3 Bb4 13. Ne2 f5 14. Nb3 Nb8
1/2-1/2

[Event "Scandinavian Open 2009"]
[Site "Valby"]
[Date "2009.04.20"]
[Round "4"]
[White "Grabarczyk, Miroslaw"]
[Black "Lund, Silas"]
[Result "1/2-1/2"]
[WhiteElo "2469"]
[BlackElo "2430"]
[PlyCount "32"]
[EventDate "2009.04.18"]


1. d4 Nf6 2. c4 e6 3. Nf3 d5 4. Nc3 c6 5. cxd5 exd5 6. Qc2 Be7 7. Bg5 Nbd7 8.
e3 O-O 9. Bd3 Re8 10. O-O Nf8 11. h3 Ne4 12. Bf4 Nxc3 13. bxc3 Bd6 14. Bxd6
Qxd6 15. c4 dxc4 16. Bxc4 Be6 1/2-1/2